Mengamankan pandji-pandji revolusi (Record no. 61378)

MARC details
000 -LEADER
fixed length control field 00587cam a22002171 4500
001 - CONTROL NUMBER
control field sa 65000093
003 - CONTROL NUMBER IDENTIFIER
control field DLC
005 - DATE AND TIME OF LATEST TRANSACTION
control field 20260227112100.0
008 - FIXED-LENGTH DATA ELEMENTS--GENERAL INFORMATION
fixed length control field 890403s1964 io c 000 0 ind
010 ## - LIBRARY OF CONGRESS CONTROL NUMBER
LC control number sa 65000093
035 ## - SYSTEM CONTROL NUMBER
System control number (OCoLC)23568727
040 ## - CATALOGING SOURCE
Original cataloging agency DLC
Transcribing agency MiU
Modifying agency DLC
042 ## - AUTHENTICATION CODE
Authentication code premarc
043 ## - GEOGRAPHIC AREA CODE
Geographic area code a-io---
050 00 - LIBRARY OF CONGRESS CALL NUMBER
Classification number DS644
Item number .N34
100 1# - MAIN ENTRY--PERSONAL NAME
Personal name Nasution, Abdul Haris,
Dates associated with a name 1918-2000.
245 10 - TITLE STATEMENT
Title Mengamankan pandji-pandji revolusi
260 ## - PUBLICATION, DISTRIBUTION, ETC.
Place of publication, distribution, etc. Djakarta,
Name of publisher, distributor, etc. Delegasi
Date of publication, distribution, etc. [1964]
300 ## - PHYSICAL DESCRIPTION
Extent 299 p.
Other physical details port.
Dimensions 22 cm.
651 #0 - SUBJECT ADDED ENTRY--GEOGRAPHIC NAME
Geographic name Indonesia
General subdivision History
Chronological subdivision Revolution, 1945-1949

No items available.

Powered by Koha